Flags of 'Stan' Countries - Statistics

General Stats
  • This quiz has been taken 1,947 times
  • The average score is 6 of 7
Answer Stats
Flag Country % Correct
Afghanistan
95%
Pakistan
93%
Kazakhstan
88%
Kyrgyzstan
87%
Turkmenistan
87%
Uzbekistan
84%
Tajikistan
81%
No matching quizzes found
Score Distribution
Percent of People with Each Score
Percentile by Number Answered
Your Score History
You have not taken this quiz